An introduction to Algebra and Topology (Record no. 295153)
[ view plain ]
| 000 -LEADER | |
|---|---|
| fixed length control field | 00335nam a2200109Ia 4500 |
| 008 - FIXED-LENGTH DATA ELEMENTS--GENERAL INFORMATION | |
| fixed length control field | 160531s9999 xx 000 0 und d |
| 100 ## - MAIN ENTRY--PERSONAL NAME | |
| Personal name | Schapira, Pierre. |
| 245 #3 - TITLE STATEMENT | |
| Title | An introduction to Algebra and Topology |
| 245 ## - TITLE STATEMENT | |
| Statement of responsibility, etc | by Pierre Schapira |
| 260 ## - PUBLICATION, DISTRIBUTION, ETC. (IMPRINT) | |
| Date of publication, distribution, etc | 2012 |
| 856 ## - ELECTRONIC LOCATION AND ACCESS | |
| Uniform Resource Identifier | <a href="https://webusers.imj-prg.fr/~pierre.schapira/lectnotes/Lux.pdf">https://webusers.imj-prg.fr/~pierre.schapira/lectnotes/Lux.pdf</a> |
| Withdrawn status | Lost status | Damaged status | Home library | Current library | Date acquired | Total Checkouts | Date last seen | Price effective from | Koha item type |
|---|---|---|---|---|---|---|---|---|---|
| College Library | College Library | 05/31/2016 | 05/31/2016 | 05/31/2016 | Curriculum - Based eBooks |